Calore e polvere /

Đã lưu trong:
Chi tiết về thư mục
Tác giả chính: Robbins, Richard, (1940-2012) (Nhà soạn nhạc)
Tác giả khác: Jhabvala, Ruth Prawer (Người viết kịch bản), Jaffrey, Madhur (Diễn viên), Hussain, Zakir (Diễn viên), Grace, Nickolas (Diễn viên), Foster, Barry (Diễn viên), Glover, Julian (Diễn viên), Ivory, James, (1928- ) (Giám đốc), Christie, Julie (Diễn viên), Fleetwood, Susan (Diễn viên), Scacchi, Greta (Diễn viên), Cazenove, Christopher (Diễn viên), Godfrey, Patrick (attore) (Diễn viên), Kapoor, Shashi (Diễn viên), Kendal, Jennifer (Diễn viên), Merchant, Ismail (Nhà sản xuất)
Định dạng: Slide
Ngôn ngữ:Tiếng Italy
Được phát hành: [Italia] : Multivision, c1986
Các nhãn: Thêm thẻ
Không có thẻ, Là người đầu tiên thẻ bản ghi này!

MARC

LEADER 00000ngm a22000007i 4500
001 IT\ICCU\VEA\0109825
003 ItRI
005 20260124182845.0
008 990630s1986 it |||||||||||||||k|||||c
028 4 2 |a 10030146 
040 |b ita 
041 7 |a ita  |2 ISO-639-2 
130 0 |a Heat and Dust <film ; 1983>  |3 IT\ICCU\CAG\0870171 
245 0 0 |a Calore e polvere /  |c regia di James Ivory ; sceneggiatura di Ruth Prawer Jhabvala ; musica di Richard Robbins ; fotografia di Walter Lassally. 
246 1 3 |a Calore e polvere <videoregistrazione>  |9 IT\ICCU\CAG\0870168 
260 |a [Italia] :  |b Multivision,  |c c1986 
300 |a 1 videocassetta (VHS PAL) (110 min.) :  |b col., son 
500 |a Interpreti: Julie Christie, Shashi Kapoor, Christopher Cazenove ...[et al.] 
500 |a Descrizione basata sul contenitore 
500 |a NE: 100 30 146. 
700 1 |a Jhabvala, Ruth Prawer  |0 IT\ICCU\CFIV\016738  |4 sce 
700 1 |a Jaffrey, Madhur  |0 IT\ICCU\CFIV\118887  |4 act 
700 1 |a Hussain, Zakir  |0 IT\ICCU\LO1V\265579  |4 act 
700 1 |a Grace, Nickolas  |0 IT\ICCU\MODV\257440  |4 act 
700 1 |a Foster, Barry  |0 IT\ICCU\MODV\276647  |4 act 
700 1 |a Glover, Julian  |0 IT\ICCU\PUVV\241571  |4 act 
700 1 |a Ivory, James,  |d  (1928- )  |0 IT\ICCU\RAVV\089395  |4 drt 
700 1 |a Robbins, Richard,  |d  (1940-2012)  |0 IT\ICCU\RAVV\089611  |4 cmp 
700 1 |a Christie, Julie  |0 IT\ICCU\RAVV\089690  |4 act 
700 1 |a Fleetwood, Susan  |0 IT\ICCU\RAVV\089706  |4 act 
700 1 |a Scacchi, Greta  |0 IT\ICCU\RAVV\090496  |4 act 
700 1 |a Cazenove, Christopher  |0 IT\ICCU\RAVV\329624  |4 act 
700 1 |a Godfrey, Patrick  |c  (attore)  |0 IT\ICCU\RAVV\344339  |4 act 
700 1 |a Kapoor, Shashi  |0 IT\ICCU\RAVV\401807  |4 act 
700 1 |a Kendal, Jennifer  |0 IT\ICCU\RAVV\401808  |4 act 
700 1 |a Merchant, Ismail  |0 IT\ICCU\TO0V\426264  |4 pro 
790 1 |a Prawer Jhabvala, Ruth  |3 IT\ICCU\CFIV\016776  |z Jhabvala, Ruth Prawer 
790 1 |a Hussein, Zakir  |3 IT\ICCU\SBNV\077351  |z Hussain, Zakir 
790 1 |a Scacchi Gracco, Greta  |3 IT\ICCU\SBNV\010428  |z Scacchi, Greta 
942 |2 ddc  |c VM  |n 0 
952 |0 0  |1 0  |4 0  |6 VO_299_000000000000000  |7 0  |9 27094  |a BO  |b BO  |d 2026-01-24  |i 17090  |l 0  |o VO 299  |p BO17090  |r 2026-01-24 18:28:45  |w 2026-01-24  |x [Sebina 5] [1 videocassetta]  |y VM  |z 1 videocassetta 
999 |c 22929  |d 22929